[Event "LYM - Open Général"]
[Site "Lausanne - Casino de Montbenon"]
[Date "2006.09.16"]
[Round "3"]
[White "Genov, Petar"]
[Black "Strugnell, Carl"]
[Result "1-0"]
[WhiteElo "2479"]
[BlackElo "2216"]
[PlyCount "37"]
[EventDate "2006.09.16"]
[SourceDate "2006.09.16"]

1. e4 c5 2. Nf3 d6 3. Bc4 Nc6 4. c3 Nf6 5. d3 Bg4 6. Qb3 Qd7 7. Bxf7+ Kd8 8.
Ng5 Ne5 9. O-O h6 10. Be6 Bxe6 11. Nxe6+ Ke8 12. d4 Nd3 13. Nd2 Rc8 14. d5 c4
15. Nxc4 Nxe4 16. Qd1 Qb5 17. Qh5+ Kd7 18. Qf5 Rxc4 19. Nd4+ 1-0

[Event "LYM - Open Général"]
[Site "Lausanne - Casino de Montbenon"]
[Date "2006.09.16"]
[Round "3"]
[White "Epishin, Vladimir"]
[Black "Huss, Andreas"]
[Result "1-0"]
[WhiteElo "2555"]
[BlackElo "2338"]
[PlyCount "69"]
[EventDate "2006.09.16"]
[SourceDate "2006.09.16"]

1. d4 e6 2. c4 Nf6 3. Nf3 b6 4. Nc3 Bb4 5. Bg5 h6 6. Bh4 Bb7 7. Nd2 Bxc3 8.
bxc3 d6 9. f3 Nbd7 10. e4 e5 11. Bd3 O-O 12. Nf1 Qe8 13. Ne3 Nh5 14. O-O Nf4
15. Bc2 Bc6 16. Qd2 f6 17. Bg3 Ng6 18. Rae1 a5 19. f4 Nxf4 20. Bxf4 exf4 21.
Rxf4 g6 22. Rg4 h5 23. Rg3 h4 24. Rg4 g5 25. Nf5 Qh5 26. e5 dxe5 27. Ne7+ Kg7
28. h3 Bb7 29. dxe5 Rad8 30. exf6+ Kxf6 31. Qd4+ Kf7 32. Bg6+ Qxg6 33. Nxg6
Kxg6 34. Qd3+ Kf6 35. Qe3 1-0

[Event "LYM - Open Général"]
[Site "Lausanne - Casino de Montbenon"]
[Date "2006.09.16"]
[Round "3"]
[White "Vesin, Jean-Robert"]
[Black "Guliyev, Namig"]
[Result "0-1"]
[WhiteElo "2299"]
[BlackElo "2543"]
[PlyCount "88"]
[EventDate "2006.09.16"]
[SourceDate "2006.09.16"]

1. e4 c5 2. Nf3 d6 3. c3 Nf6 4. h3 Bd7 5. Bd3 g6 6. O-O Bg7 7. Bc2 O-O 8. d4
cxd4 9. cxd4 Nc6 10. Nc3 e5 11. Be3 exd4 12. Nxd4 Nxd4 13. Bxd4 Bc6 14. Re1 Re8
15. Bb3 Qe7 16. Rc1 a6 17. Nd5 Bxd5 18. Bxd5 Nxd5 19. Bxg7 Kxg7 20. Qxd5 Rac8
21. f3 Rc5 22. Qd4+ Kg8 23. b4 Re5 24. Red1 Rd8 25. Qc4 Kg7 26. Rd5 Qf6 27.
Rcd1 Rxd5 28. Rxd5 h5 29. Qd4 Qxd4+ 30. Rxd4 Kf6 31. b5 a5 32. Ra4 Ra8 33. Rc4
Re8 34. Rc7 Re7 35. Rxe7 Kxe7 36. Kf2 d5 37. Ke3 Kd6 38. Kd4 dxe4 39. fxe4 f6
40. g3 a4 41. b6 a3 42. h4 Kc6 43. e5 fxe5+ 44. Kxe5 Kxb6 0-1

[Event "LYM - Open Général"]
[Site "Lausanne - Casino de Montbenon"]
[Date "2006.09.16"]
[Round "3"]
[White "Shoker, Samy"]
[Black "Fridman, Daniel"]
[Result "0-1"]
[WhiteElo "2355"]
[BlackElo "2569"]
[PlyCount "82"]
[EventDate "2006.09.16"]
[SourceDate "2006.09.16"]

1. g3 d5 2. Bg2 g6 3. d3 Bg7 4. Nf3 Nf6 5. O-O O-O 6. a3 Nc6 7. b4 Ne8 8. Ra2
Nd6 9. c3 e5 10. a4 e4 11. dxe4 dxe4 12. Ng5 Qe7 13. Bf4 f5 14. Rd2 Ne5 15. Na3
h6 16. Nh3 Be6 17. Be3 g5 18. Bc5 f4 19. f3 e3 20. Rd4 Ng6 21. Rxd6 cxd6 22.
Bxd6 Qf6 23. Bxf8 Rxf8 24. Nb5 Qe5 25. Nd4 Bf7 26. Qd3 Rc8 27. gxf4 gxf4 28.
Kh1 Ne7 29. Rg1 Bg6 30. Qb5 Qxb5 31. Nxb5 Be5 32. Bf1 a6 33. Nd4 Kf7 34. Rg4
Nd5 35. b5 Rxc3 36. bxa6 bxa6 37. Ne6 Bf5 38. Nexf4 Nxf4 39. Rxf4 Bxf4 40. Nxf4
Ra3 41. Nd5 Be6 0-1

[Event "LYM - Open Général"]
[Site "Lausanne - Casino de Montbenon"]
[Date "2006.09.16"]
[Round "3"]
[White "Andersson, Ulf"]
[Black "Sofrigin, Alexej"]
[Result "1-0"]
[WhiteElo "2542"]
[BlackElo "2272"]
[PlyCount "85"]
[EventDate "2006.09.16"]
[SourceDate "2006.09.16"]

1. Nf3 d5 2. d4 Nf6 3. c4 e6 4. g3 Be7 5. Bg2 O-O 6. O-O c5 7. cxd5 exd5 8.
dxc5 Bxc5 9. Bg5 Be7 10. Nc3 Nc6 11. e3 Be6 12. Nd4 Nxd4 13. exd4 h6 14. Bxf6
Bxf6 15. Qb3 Bxd4 16. Nxd5 Bxd5 17. Bxd5 Rb8 18. Rad1 Qb6 19. Rd2 Qxb3 20. Bxb3
Rbd8 21. Rfd1 Bf6 22. Rd7 Rxd7 23. Rxd7 Bxb2 24. Rxb7 Bd4 25. Kg2 h5 26. f4 g6
27. h3 Kg7 28. g4 hxg4 29. hxg4 g5 30. Kf3 Kf6 31. Rb5 gxf4 32. Kxf4 Bb6 33.
Rd5 Bc7+ 34. Kf3 Kg6 35. Rd7 Bb8 36. Rb7 Kf6 37. Bxf7 Bd6 38. Bh5 Kg5+ 39. Ke4
Bb8 40. Rg7+ Kh4 41. Bf7 Rc8 42. g5 Rc5 43. Rh7+ 1-0

[Event "LYM - Open Général"]
[Site "Lausanne - Casino de Montbenon"]
[Date "2006.09.16"]
[Round "3"]
[White "Zatonskih, Anna"]
[Black "Cochet, Jean-Daniel"]
[Result "1-0"]
[WhiteElo "2432"]
[BlackElo "2077"]
[PlyCount "43"]
[EventDate "2006.09.16"]
[SourceDate "2006.09.16"]

1. e4 c5 2. g3 e6 3. Bg2 d5 4. exd5 exd5 5. d4 c4 6. Ne2 Nf6 7. O-O Be7 8. Nbc3
Na6 9. Bg5 Nc7 10. Nf4 Be6 11. Nxe6 Nxe6 12. Bxf6 Bxf6 13. Nxd5 O-O 14. c3 Qa5
15. Qe2 Qa6 16. Nxf6+ gxf6 17. Bd5 Rab8 18. Bxc4 b5 19. Bd3 Qc6 20. Qh5 Ng5 21.
f4 Ne4 22. Qf5 1-0

[Event "LYM - Open Général"]
[Site "Lausanne - Casino de Montbenon"]
[Date "2006.09.16"]
[Round "3"]
[White "Pinol, Fabrice"]
[Black "Gallagher, Joseph"]
[Result "1/2-1/2"]
[WhiteElo "2270"]
[BlackElo "2516"]
[PlyCount "117"]
[EventDate "2006.09.16"]
[SourceDate "2006.09.16"]

1. e4 c5 2. a3 g6 3. d4 cxd4 4. c3 dxc3 5. Nxc3 Bg7 6. Bc4 Nc6 7. Nf3 d6 8. Qb3
Nh6 9. Bxh6 Bxh6 10. Bxf7+ Kf8 11. Be6 Kg7 12. O-O Rf8 13. Ne2 Bxe6 14. Qxe6
Qb6 15. b4 Rf6 16. Qd5 Kh8 17. b5 Nd8 18. e5 dxe5 19. Nxe5 Rd6 20. Nf7+ Nxf7
21. Qxf7 Rf8 22. Qc4 Bg7 23. Rac1 Rd2 24. Kh1 Qd6 25. Ng3 Qxa3 26. Ne4 Rd4 27.
Qe6 Qb4 28. Ng5 h6 29. Nf3 Rdf4 30. Ne5 Bxe5 31. Qxe5+ Kh7 32. Rc7 R8f7 33. Rc8
Rf8 34. Rc7 Re4 35. Qa1 Qxb5 36. Re1 Rxe1+ 37. Qxe1 Rf7 38. Rxe7 Qf5 39. h4 Qf6
40. Rxf7+ Qxf7 41. h5 gxh5 42. Qe4+ Kg8 43. f4 a5 44. f5 b5 45. f6 Qxf6 46.
Qe8+ Kg7 47. Qxb5 Qc3 48. Qd7+ Kf6 49. Qd8+ Kf5 50. Qd7+ Ke4 51. Qe6+ Kd3 52.
Qd5+ Kc2 53. Qxh5 a4 54. Qe2+ Kc1 55. Qf1+ Kb2 56. Qe2+ Kb3 57. Qd1+ Qc2 58.
Qd5+ Qc4 59. Qd1+ 1/2-1/2

[Event "LYM - Open Général"]
[Site "Lausanne - Casino de Montbenon"]
[Date "2006.09.16"]
[Round "3"]
[White "Zuodar, Lucio"]
[Black "Marzolo, Cyril"]
[Result "0-1"]
[WhiteElo "2039"]
[BlackElo "2440"]
[PlyCount "114"]
[EventDate "2006.09.16"]
[SourceDate "2006.09.16"]

1. d4 Nf6 2. c4 c5 3. d5 e6 4. Nc3 exd5 5. cxd5 d6 6. e4 g6 7. f4 Bg7 8. Bb5+
Nfd7 9. Bd3 O-O 10. Qf3 Na6 11. Nge2 b5 12. Nxb5 Qb6 13. a3 Nf6 14. h3 Re8 15.
Nbc3 Nc7 16. Bc4 Ba6 17. Qd3 Bxc4 18. Qxc4 Qa6 19. Qxa6 Nxa6 20. e5 dxe5 21.
fxe5 Nd7 22. Bf4 Nxe5 23. O-O-O c4 24. Bxe5 Bxe5 25. Nd4 Nc5 26. Kc2 Nd3 27.
Rxd3 cxd3+ 28. Kxd3 Bf4 29. Ne4 Kg7 30. Rf1 Be5 31. b4 Rad8 32. Kc4 Bc7 33. Nc5
Re3 34. a4 h5 35. a5 h4 36. Nc6 Ra8 37. Kb5 Re2 38. Ka6 Bd6 39. Nb7 Bf8 40. Rd1
Rxg2 41. d6 Rg3 42. Nbd8 Rxh3 43. Kb7 Rxd8 44. Nxd8 Rb3 45. Nc6 Bxd6 46. Rxd6
h3 47. Kxa7 g5 48. Nd4 Rxb4 49. Nf5+ Kg8 50. a6 h2 51. Rh6 Rh4 52. Nxh4 h1=Q
53. Nf5 Qe4 54. Nd6 Qc6 55. Rf6 Qc7+ 56. Nb7 g4 57. Ka8 g3 0-1

[Event "LYM - Open Général"]
[Site "Lausanne - Casino de Montbenon"]
[Date "2006.09.16"]
[Round "3"]
[White "Hauchard, Arnaud"]
[Black "Paci, Cédric"]
[Result "1/2-1/2"]
[WhiteElo "2483"]
[BlackElo "2260"]
[PlyCount "116"]
[EventDate "2006.09.15"]
[SourceDate "2006.09.16"]

1. c4 b6 2. Nc3 Bb7 3. d4 e6 4. e4 Bb4 5. f3 Ne7 6. Nge2 O-O 7. a3 Bxc3+ 8.
Nxc3 f5 9. Be3 fxe4 10. fxe4 d5 11. Qg4 dxe4 12. O-O-O Nf5 13. Bg5 Qe8 14. d5
Qg6 15. Be2 Nd7 16. Bf4 Qxg4 17. Bxg4 Nc5 18. Rhf1 Rae8 19. Be2 Nd4 20. Bxc7
Nxe2+ 21. Nxe2 Nd3+ 22. Kc2 exd5 23. cxd5 Bxd5 24. Nc3 Rxf1 25. Rxf1 Bc4 26.
Rg1 e3 27. Bg3 e2 28. Be1 Nc5 29. b4 Nb3 30. Bf2 Rf8 31. Be3 Re8 32. Bf2 Nd4+
33. Kb2 Ne6 34. Bg3 Nf4 35. Kc2 Nd3 36. Kd2 Rd8 37. Kxe2 Nxb4+ 38. Ke3 Nc2+ 39.
Ke4 Re8+ 40. Be5 Nxa3 41. Ra1 Nc2 42. Rxa7 Bf7 43. Rb7 Ne3 44. Kxe3 Rxe5+ 45.
Kf4 Re6 46. Rb8+ Be8 47. Nd5 Kf7 48. Rb7+ Kg6 49. Rxb6 Rxb6 50. Nxb6 Bc6 51. g4
h6 52. h4 Kf6 53. g5+ Kg6 54. Nc4 Kh5 55. gxh6 gxh6 56. Kg3 Bd7 57. Ne5 Be6 58.
Nd3 Kg6 1/2-1/2

[Event "LYM - Open Général"]
[Site "Lausanne - Casino de Montbenon"]
[Date "2006.09.17"]
[Round "4"]
[White "Fridman, Daniel"]
[Black "Genov, Petar"]
[Result "1-0"]
[WhiteElo "2569"]
[BlackElo "2479"]
[PlyCount "55"]
[EventDate "2006.09.17"]
[SourceDate "2006.09.17"]

1. d4 d5 2. c4 c6 3. Nf3 Nf6 4. Nc3 a6 5. e3 b5 6. b3 Bg4 7. Be2 e6 8. O-O Nbd7
9. h3 Bh5 10. Bb2 Bd6 11. Ne5 Bxe2 12. Nxe2 Qc7 13. cxd5 cxd5 14. Rc1 Qb8 15.
Nc6 Qb6 16. Rc2 O-O 17. Qd2 Rfc8 18. Rfc1 Kf8 19. Ne5 Qb7 20. Nf4 b4 21. Nfd3
a5 22. f3 Ne8 23. Nxd7+ Qxd7 24. Nc5 Bxc5 25. Rxc5 h6 26. Rxa5 Rab8 27. Ra4 Qb5
28. Qxb4+ 1-0

[Event "LYM - Open Général"]
[Site "Lausanne - Casino de Montbenon"]
[Date "2006.09.17"]
[Round "4"]
[White "Sandoval, Francisco"]
[Black "Gerber, Richard"]
[Result "0-1"]
[WhiteElo "2040"]
[BlackElo "2363"]
[PlyCount "68"]
[EventDate "2006.09.17"]
[SourceDate "2006.09.17"]

1. d4 Nf6 2. Nf3 g6 3. c4 Bg7 4. Nc3 O-O 5. g3 d6 6. Bg2 Nbd7 7. O-O e5 8. e4
exd4 9. Nxd4 a6 10. Bg5 h6 11. Bf4 Re8 12. Qd2 Kh7 13. h3 Ne5 14. b3 Nh5 15.
Be3 c5 16. Nde2 Bxh3 17. f4 Bxg2 18. Kxg2 Ng4 19. Bg1 b5 20. Kf3 Nhf6 21. e5 b4
22. exf6 bxc3 23. Nxc3 Nxf6 24. Rad1 Qd7 25. Kg2 Qg4 26. Qd3 Re6 27. Rde1 Rae8
28. Rxe6 Qxe6 29. Bf2 Ng4 30. Bg1 Bxc3 31. Qxc3 Qe2+ 32. Rf2 Ne3+ 33. Kh1 Qh5+
34. Bh2 Nd1 0-1

[Event "LYM - Open Général"]
[Site "Lausanne - Casino de Montbenon"]
[Date "2006.09.17"]
[Round "4"]
[White "Libiszewski, Fabien"]
[Black "Epishin, Vladimir"]
[Result "1/2-1/2"]
[WhiteElo "2482"]
[BlackElo "2555"]
[PlyCount "65"]
[EventDate "2006.09.15"]

1. e4 c6 2. d4 d5 3. e5 Bf5 4. Nf3 e6 5. a3 Bg6 6. Be2 a6 7. O-O c5 8. c4 dxc4
9. Bxc4 cxd4 10. Nxd4 Bc5 11. Be3 Bxd4 12. Bxd4 Nc6 13. Bc5 Nge7 14. f4 O-O 15.
Nc3 b5 16. Be2 Qc7 17. Qd6 Qb7 18. Bf3 Rad8 19. Qxe7 Qxe7 20. Bxe7 Nxe7 21. Bb7
a5 22. Rfd1 b4 23. axb4 Rxd1+ 24. Rxd1 axb4 25. Nb5 Bc2 26. Rd2 Bb3 27. Nc7 g5
28. fxg5 Ng6 29. Rd4 Nxe5 30. Rxb4 Bc2 31. Be4 Bxe4 32. Rxe4 Nd3 33. Rd4
1/2-1/2

[Event "LYM - Open Général"]
[Site "Lausanne - Casino de Montbenon"]
[Date "2006.09.17"]
[Round "4"]
[White "Maleki, Manuel"]
[Black "Iordachescu, Viorel"]
[Result "0-1"]
[WhiteElo "2131"]
[BlackElo "2603"]
[PlyCount "48"]
[EventDate "2006.09.15"]

1. Nf3 Nf6 2. c4 e6 3. Nc3 Bb4 4. Qc2 c5 5. a3 Ba5 6. d4 cxd4 7. Nxd4 Bb6 8.
Ndb5 O-O 9. Bf4 d5 10. c5 Bxc5 11. Nc7 e5 12. Bxe5 Nc6 13. Bg3 Nd4 14. Qd1 Bf5
15. Rc1 Rc8 16. e3 Bg4 17. Qa4 Bb6 18. exd4 Bxc7 19. Be2 Bxg3 20. hxg3 Bxe2 21.
Kxe2 Re8+ 22. Kf1 Qb6 23. b3 Qe6 24. Kg1 Rxc3 0-1

[Event "LYM - Open Général"]
[Site "Lausanne - Casino de Montbenon"]
[Date "2006.09.17"]
[Round "4"]
[White "Malakhatko, Vadim"]
[Black "Ermeni, Avni"]
[Result "1-0"]
[WhiteElo "2594"]
[BlackElo "2311"]
[PlyCount "77"]
[EventDate "2006.09.15"]

1. d4 Nf6 2. c4 c5 3. d5 b5 4. cxb5 a6 5. bxa6 g6 6. Nc3 d6 7. Nf3 Bg7 8. e4
Bxa6 9. Bxa6 Nxa6 10. O-O O-O 11. Re1 Nd7 12. Bf4 Qb6 13. Rb1 c4 14. Qe2 Nb4
15. Qxc4 Rfc8 16. Qf1 Nxa2 17. e5 Nc5 18. h4 Nb4 19. Red1 Qa6 20. Bg3 Ncd3 21.
Ra1 Qb7 22. Rxa8 Rxa8 23. Rxd3 Nxd3 24. Qxd3 Ra1+ 25. Kh2 Qxb2 26. exd6 exd6
27. Ne4 f5 28. Nxd6 Qc1 29. Kh3 Qh1+ 30. Bh2 h6 31. h5 Ra4 32. Nxf5 g5 33. Ne3
Rf4 34. Ng4 Bf8 35. d6 Bxd6 36. Qxd6 Kh8 37. Qxh6+ Kg8 38. Qg6+ Kh8 39. Qxg5
1-0

[Event "LYM - Open Général"]
[Site "Lausanne - Casino de Montbenon"]
[Date "2006.09.17"]
[Round "4"]
[White "Lamoureux, Charles"]
[Black "Soupizon, Remi"]
[Result "1-0"]
[WhiteElo "2375"]
[BlackElo "2001"]
[PlyCount "51"]
[EventDate "2006.09.15"]

1. e4 d5 2. exd5 Qxd5 3. Nc3 Qa5 4. d4 c6 5. Bc4 Bf5 6. Nf3 Nf6 7. Bd2 e6 8.
Ne4 Qc7 9. Nxf6+ gxf6 10. Qe2 Nd7 11. O-O-O O-O-O 12. Nh4 Bg6 13. g3 Bd6 14.
Bb3 Kb8 15. Kb1 Ka8 16. Rhe1 Rc8 17. Bc3 Rhg8 18. Qf3 f5 19. Bd2 Nf6 20. Qe2
Bh5 21. f3 Bxg3 22. hxg3 Qxg3 23. Rh1 Ne4 24. Be3 f4 25. Bc1 Qg5 26. Qxe4 1-0

[Event "LYM - Open Général"]
[Site "Lausanne - Casino de Montbenon"]
[Date "2006.09.17"]
[Round "4"]
[White "Gallagher, Joseph"]
[Black "Helstroffer, Arnaud"]
[Result "1/2-1/2"]
[WhiteElo "2516"]
[BlackElo "2243"]
[PlyCount "75"]

1. e4 c5 2. Nf3 d6 3. d4 cxd4 4. Nxd4 Nf6 5. Nc3 g6 6. g3 Bg7 7. Bg2 O-O 8.
Nde2 Nc6 9. O-O Rb8 10. a4 a6 11. b3 b5 12. axb5 axb5 13. Bb2 e6 14. Qd2 Qc7
15. Rfd1 Rd8 16. Nf4 Ne5 17. Nd3 Nc4 18. bxc4 bxc4 19. Rac1 cxd3 20. cxd3 Qb6
21. Ba1 Ba6 22. d4 d5 23. exd5 Nxd5 24. Nxd5 exd5 25. Bc3 Qe6 26. Re1 Qf5 27.
h4 Bc4 28. Bb4 h5 29. Bc5 Rb3 30. Rc3 Rdb8 31. Rxb3 Rxb3 32. Qg5 Rb1 33. Rxb1
Qxb1+ 34. Kh2 Qb7 35. Qf4 Qd7 36. Bh3 Qe8 37. Bg2 Qe6 38. Bh3 1/2-1/2

[Event "LYM - Open Général"]
[Site "Lausanne - Casino de Montbenon"]
[Date "2006.09.17"]
[Round "4"]
[White "Pinol, Fabrice"]
[Black "Hauchard, Arnaud"]
[Result "0-1"]
[WhiteElo "2270"]
[BlackElo "2483"]
[PlyCount "76"]

1. e4 c5 2. Nc3 a6 3. g3 b5 4. Bg2 Bb7 5. Nge2 e6 6. d4 cxd4 7. Nxd4 Nf6 8. Qe2
Qb6 9. Nb3 d6 10. O-O Nbd7 11. Bf4 Be7 12. a4 b4 13. a5 Qc6 14. Na2 d5 15. e5
Ne4 16. f3 Qc4 17. Qd1 Bc5+ 18. Nxc5 Qxc5+ 19. Kh1 Nf2+ 20. Rxf2 Qxf2 21. Nxb4
Qc5 22. c3 O-O 23. Qd4 Qc7 24. Nd3 Bc6 25. Be3 f6 26. exf6 e5 27. Qg4 Rxf6 28.
f4 d4 29. cxd4 Bxg2+ 30. Kxg2 Qc6+ 31. Kg1 exf4 32. Nxf4 Re8 33. Bf2 Re4 34. d5
Qb5 35. Rc1 Rexf4 36. Rc8+ Rf8 37. Qxf4 Rxc8 38. Bd4 Rf8 0-1

[Event "LYM - Open Général"]
[Site "Lausanne - Casino de Montbenon"]
[Date "2006.09.17"]
[Round "4"]
[White "Hindermann, Felix"]
[Black "Philippe, Christophe"]
[Result "1-0"]
[WhiteElo "2244"]
[BlackElo "2411"]
[PlyCount "103"]
[EventDate "2006.09.17"]
[SourceDate "2006.09.17"]

1. e4 c5 2. c3 d5 3. exd5 Qxd5 4. d4 Nc6 5. Nf3 Nf6 6. dxc5 Qxd1+ 7. Kxd1 Bf5
8. Be3 O-O-O+ 9. Kc1 Ng4 10. Bb5 Nxe3 11. fxe3 g6 12. Nbd2 Bh6 13. Re1 f6 14.
Bxc6 bxc6 15. e4 Bg4 16. Kc2 e5 17. Nc4 Bf8 18. b4 Be6 19. Na5 Kc7 20. Rad1 Be7
21. a4 h5 22. Rxd8 Rxd8 23. Rd1 Rf8 24. Rf1 g5 25. Nd2 f5 26. Ndc4 fxe4 27.
Rxf8 Bxf8 28. Nxe5 e3 29. Naxc6 Bf5+ 30. Kd1 Bg7 31. Nd4 Bc8 32. Nc4 Bd7 33. b5
Bf8 34. c6 Bg4+ 35. Ke1 h4 36. Nxe3 Bc8 37. Nc4 Bc5 38. Kd2 g4 39. g3 h3 40.
Ke3 Be6 41. Kd3 Bg8 42. Ne3 Bb6 43. Nxg4 Bh7+ 44. Ke3 Kd6 45. Nf6 Bg6 46. g4
Ba5 47. g5 Ke5 48. Nd7+ Kd6 49. c4 Bd8 50. Kf4 Ba5 51. Nf5+ Ke6 52. Nf8+ 1-0

[Event "LYM - Open Général"]
[Site "Lausanne - Casino de Montbenon"]
[Date "2006.09.17"]
[Round "4"]
[White "Peric, Slavisa"]
[Black "Khenkin, Igor"]
[Result "1/2-1/2"]
[WhiteElo "2274"]
[BlackElo "2586"]
[PlyCount "75"]
[EventDate "2006.09.17"]
[SourceDate "2006.09.17"]

1. d4 d5 2. Nf3 Nf6 3. Bg5 Ne4 4. Bf4 c5 5. e3 Qb6 6. Qc1 Nc6 7. c3 Bg4 8. Be2
Rc8 9. Nbd2 cxd4 10. exd4 e5 11. Be3 Bxf3 12. Nxf3 exd4 13. Nxd4 Bc5 14. Nxc6
bxc6 15. Bxc5 Qxc5 16. O-O O-O 17. c4 d4 18. Bd3 Nf6 19. Qd2 Rb8 20. Rfe1 a5
21. b3 a4 22. Rab1 axb3 23. axb3 Rb4 24. Bc2 Rd8 25. h3 Qd6 26. Rbd1 c5 27. Qd3
g6 28. g3 Rbb8 29. Ra1 Ra8 30. Ra4 Re8 31. Rea1 Rab8 32. Qf3 Re6 33. Ra7 Nd7
34. R1a5 Rf6 35. Qe4 Re6 36. Qf4 d3 37. Bxd3 Qxf4 38. gxf4 1/2-1/2

[Event "LYM - Open Général"]
[Site "Lausanne - Casino de Montbenon"]
[Date "2006.09.17"]
[Round "4"]
[White "Guliyev, Namig"]
[Black "Zatonskih, Anna"]
[Result "1-0"]
[WhiteElo "2543"]
[BlackElo "2442"]
[PlyCount "151"]
[EventDate "2006.09.17"]
[SourceDate "2006.09.17"]

1. e4 e6 2. d4 d5 3. Nc3 dxe4 4. Nxe4 Nd7 5. Nf3 Ngf6 6. Bg5 h6 7. Nxf6+ Nxf6
8. Be3 Bd6 9. Bd3 Nd5 10. Qd2 Nxe3 11. Qxe3 Bd7 12. Be4 c6 13. O-O-O Qc7 14.
Ne5 O-O-O 15. Qc3 Rhf8 16. g3 Kb8 17. Rhe1 Bc8 18. Nd3 Rfe8 19. Bg2 Qb6 20. a3
f6 21. Qc4 Qb5 22. Qxb5 cxb5 23. Rd2 g5 24. Bf3 Rf8 25. c3 a6 26. Bd1 Bc7 27.
Bg4 e5 28. Bxc8 Kxc8 29. dxe5 fxe5 30. Kc2 g4 31. Re4 h5 32. Rde2 Rd5 33. h3
gxh3 34. Rh4 Rf3 35. Ne1 Rf5 36. Rxh3 Bb6 37. f3 Rg5 38. Nd3 Bc7 39. Nf2 Rf5
40. Ne4 Rxf3 41. Rxh5 Rd8 42. g4 Rg8 43. g5 Rf5 44. Rh7 Kb8 45. Rd2 Rf4 46.
Rdd7 Rxe4 47. Rxc7 Rxg5 48. Rxb7+ Ka8 49. Ra7+ Kb8 50. Rhb7+ Kc8 51. Re7 Kb8
52. Reb7+ Kc8 53. Rh7 Kb8 54. Rae7 Rc4 55. Rb7+ Ka8 56. Ra7+ Kb8 57. Rxa6 Rc5
58. Rb6+ Kc8 59. b4 Rd5 60. Rc6+ Kb8 61. Re6 Rg8 62. Kb3 Rc8 63. Rh3 Rg8 64. c4
bxc4+ 65. Kxc4 Rgd8 66. Re3 Rd4+ 67. Kc3 Rh4 68. R3xe5 Rd1 69. Re3 Ra1 70. Kb3
Kc7 71. Rg6 Kd7 72. Rf3 Ke7 73. Ra6 Rh2 74. Rg3 Kf7 75. Rc3 Rb1+ 76. Ka4 1-0

[Event "LYM - Open Général"]
[Site "Lausanne - Casino de Montbenon"]
[Date "2006.09.17"]
[Round "4"]
[White "Paci, Cédric"]
[Black "Raetsky, Alexander"]
[Result "1/2-1/2"]
[WhiteElo "2260"]
[BlackElo "2412"]
[PlyCount "112"]
[EventDate "2006.09.17"]
[SourceDate "2006.09.17"]

1. Nf3 d5 2. c4 d4 3. g3 Nc6 4. Bg2 g6 5. O-O Bg7 6. d3 e5 7. e3 Nge7 8. exd4
exd4 9. Na3 O-O 10. Bf4 a6 11. Nc2 h6 12. b4 g5 13. Bc1 b5 14. Bb2 Rb8 15. Re1
bxc4 16. dxc4 d3 17. Bxg7 Kxg7 18. Ne3 Rxb4 19. Qd2 Qd6 20. Qc3+ Qf6 21. Qxd3
Rd8 22. Qe4 Be6 23. Rad1 Rxd1 24. Rxd1 Qg6 25. Qxg6+ Kxg6 26. Nd5 Rxc4 27.
Nxe7+ Nxe7 28. Ne5+ Kf6 29. Nxc4 Bxc4 30. a3 Bb5 31. Bf1 Ke6 32. Rd8 Nd5 33. a4
Bxa4 34. Bxa6 Bb3 35. Kf1 Kf6 36. Ke2 Nb4 37. Bb5 Be6 38. Rh8 Kg7 39. Rb8 Nd5
40. Bc6 Ne7 41. Ba4 Bd5 42. Kd3 Kf6 43. Bb3 Nc6 44. Rb5 Bg2 45. Ke3 Ne5 46. Rc5
c6 47. f3 Bxf3 48. Rxe5 Kxe5 49. Kxf3 f5 50. Bf7 c5 51. Ke3 Kf6 52. Bc4 h5 53.
Be2 f4+ 54. Ke4 fxg3 55. hxg3 g4 56. Kf4 h4 1/2-1/2

[Event "LYM - Open Général"]
[Site "Lausanne - Casino de Montbenon"]
[Date "2006.09.17"]
[Round "5"]
[White "Bagri, Jaspaul"]
[Black "Gallagher, Joseph"]
[Result "0-1"]
[WhiteElo "2252"]
[BlackElo "2516"]
[PlyCount "48"]
[EventDate "2006.09.17"]
[SourceDate "2006.09.17"]

1. c4 g6 2. Nc3 Bg7 3. Nf3 d6 4. g3 e5 5. Bg2 Nf6 6. O-O O-O 7. d3 h6 8. Rb1 a5
9. a3 Nc6 10. b4 axb4 11. axb4 Be6 12. b5 Ne7 13. Bb2 Qd7 14. Ra1 Rab8 15. Qb3
Bh3 16. Nd5 Bxg2 17. Nxf6+ Bxf6 18. Kxg2 Qe6 19. b6 c6 20. Ra5 Bg7 21. Nd2 f5
22. Ba3 h5 23. Qb4 c5 24. Qb5 Nc6 0-1

[Event "LYM - Open Général"]
[Site "Lausanne - Casino de Montbenon"]
[Date "2006.09.17"]
[Round "5"]
[White "Roosendaal, Chris"]
[Black "Raetsky, Alexander"]
[Result "0-1"]
[WhiteElo "2210"]
[BlackElo "2412"]
[PlyCount "38"]
[EventDate "2006.09.17"]
[SourceDate "2006.09.17"]

1. d4 d5 2. c4 dxc4 3. Nf3 a6 4. e3 e6 5. Bxc4 Nf6 6. O-O b5 7. Be2 Nbd7 8. a4
b4 9. a5 Bb7 10. Nbd2 c5 11. Nc4 Qc7 12. Nfe5 Be7 13. Nxd7 Nxd7 14. dxc5 Nxc5
15. Bd2 Rd8 16. Bf3 Bxf3 17. gxf3 O-O 18. Qc2 Nd3 19. Rfd1 Nxf2 0-1

[Event "LYM - Open Général"]
[Site "Lausanne - Casino de Montbenon"]
[Date "2006.09.17"]
[Round "5"]
[White "Malakhatko, Vadim"]
[Black "Guliyev, Namig"]
[Result "1-0"]
[WhiteElo "2594"]
[BlackElo "2543"]
[PlyCount "57"]
[EventDate "2006.09.17"]
[SourceDate "2006.09.17"]

1. d4 d5 2. Nf3 Nf6 3. c4 dxc4 4. Nc3 e6 5. e4 Bb4 6. Bg5 c5 7. e5 cxd4 8. Qa4+
Nc6 9. O-O-O Bd7 10. Ne4 Be7 11. exf6 gxf6 12. Bh4 Rc8 13. Kb1 Na5 14. Qc2 e5
15. Nxd4 exd4 16. Rxd4 Qb6 17. Rd5 Be6 18. Rh5 Bg4 19. Qa4+ Nc6 20. Rb5 Qd4 21.
f3 a6 22. Rxb7 Bf5 23. Bxc4 Bxe4+ 24. fxe4 Qxe4+ 25. Ka1 Kf8 26. Bxf6 Qxg2 27.
Re1 Rg8 28. Bxe7+ Nxe7 29. Rbxe7 1-0

[Event "LYM - Open Général"]
[Site "Lausanne - Casino de Montbenon"]
[Date "2006.09.17"]
[Round "5"]
[White "Sofrigin, Alexej"]
[Black "Iordachescu, Viorel"]
[Result "0-1"]
[WhiteElo "2272"]
[BlackElo "2603"]
[PlyCount "65"]
[EventDate "2006.09.17"]
[SourceDate "2006.09.17"]

1. Nf3 Nf6 2. g3 d5 3. Bg2 e6 4. O-O Be7 5. b3 O-O 6. Bb2 a5 7. a3 Nbd7 8. d3
a4 9. Ne5 axb3 10. cxb3 c5 11. Nd2 Nxe5 12. Bxe5 b6 13. Qc2 Nd7 14. Bb2 Bb7 15.
Nf3 d4 16. b4 e5 17. b5 Bd6 18. e4 dxe3 19. fxe3 Ra7 20. Nh4 Bxg2 21. Qxg2 g6
22. Qd5 Nf6 23. Qc4 Bb8 24. Rf3 Ne8 25. a4 Rd7 26. Raf1 Nd6 27. Qg4 Re8 28. Rf6
Ree7 29. d4 exd4 30. exd4 Nc4 31. Ba1 Ne3 32. Qg5 Rd5 33. Qf4 0-1

[Event "LYM - Open Général"]
[Site "Lausanne - Casino de Montbenon"]
[Date "2006.09.17"]
[Round "5"]
[White "Genov, Petar"]
[Black "Helstroffer, Arnaud"]
[Result "1-0"]
[WhiteElo "2479"]
[BlackElo "2243"]
[PlyCount "61"]
[EventDate "2006.09.17"]
[SourceDate "2006.09.17"]

1. d4 Nf6 2. c4 g6 3. Nc3 Bg7 4. e4 d6 5. f3 O-O 6. Bg5 c5 7. d5 e6 8. Qd2 h6
9. Be3 exd5 10. cxd5 a6 11. a4 h5 12. Be2 Nh7 13. Bd1 Nd7 14. Nge2 Ne5 15. b3
Bd7 16. a5 f5 17. exf5 Qf6 18. O-O Bxf5 19. Bc2 Bxc2 20. Qxc2 g5 21. Rac1 Qe7
22. Bd2 Rf7 23. Ng3 h4 24. Nf5 Qd7 25. Nxg7 Rxg7 26. h3 Rf8 27. Ne4 Rgf7 28.
Nxg5 Nxg5 29. Bxg5 Rxf3 30. gxf3 Rxf3 31. Bxh4 1-0